[Event "Ð§ÐµÐ¼Ð¿Ð¸Ð¾Ð½Ð°Ñ‚ ÐŸÐ¤Ðž Ð¿Ð¾ ÑˆÐ°Ñ…Ð¼Ð"]
[Site "Ð�Ð°Ð±ÐµÑ€ÐµÐ¶Ð½Ñ‹Ðµ Ð§ÐµÐ»Ð½Ñ"]
[Date "2024.03.22"]
[Round "3.9"]
[White "ÐœÐ¸Ñ€Ð·Ð°Ð½ÑƒÑ€Ð¾Ð², Ð‘ÑƒÐ»Ð°Ñ‚."]
[Black "Ð“Ð¾Ñ€Ð¸Ð½, Ð�Ð½Ð´Ñ€ÐµÐ¹."]
[Result "0-1"]
[WhiteElo "2232"]
[BlackElo "1878"]
[PlyCount "48"]
[EventDate "2024.03.20"]

1. e4 d6 2. d4 g6 3. Nc3 Bg7 4. Nf3 c6 5. Bg5 Qc7 6. Qd2 Nd7 7. Be2 b5 8. Be3
a6 9. h4 h5 10. O-O Bb7 11. Rfe1 e5 12. d5 c5 13. Nd1 Ngf6 14. Bf1 Ng4 15. c4
bxc4 16. Qc1 Nb6 17. a4 a5 18. Nd2 f6 19. Be2 f5 20. exf5 gxf5 21. Bg5 O-O 22.
Nc3 Ba6 23. Nb5 Bxb5 24. axb5 e4 0-1

[Event "Ð§ÐµÐ¼Ð¿Ð¸Ð¾Ð½Ð°Ñ‚ ÐŸÐ¤Ðž Ð¿Ð¾ ÑˆÐ°Ñ…Ð¼Ð"]
[Site "Ð�Ð°Ð±ÐµÑ€ÐµÐ¶Ð½Ñ‹Ðµ Ð§ÐµÐ»Ð½Ñ"]
[Date "2024.03.22"]
[Round "3.10"]
[White "ÐŸÐµÑ‚Ñ€Ð¾Ð², Ð�Ð»ÐµÐºÑ�Ð°Ð½Ð´Ñ€."]
[Black "Ð—Ð°ÐºÐ¸Ñ€Ð¾Ð², Ð ÑƒÑ�Ð»Ð°Ð½."]
[Result "1-0"]
[WhiteElo "2062"]
[BlackElo "1826"]
[PlyCount "91"]
[EventDate "2024.03.20"]

1. b3 Nf6 2. Bb2 g6 3. e3 Bg7 4. f4 O-O 5. Nf3 c5 6. Be2 b6 7. O-O Bb7 8. c4 d6
9. Nc3 Nbd7 10. d3 e5 11. fxe5 Ng4 12. Qd2 Ndxe5 13. Nxe5 Nxe5 14. Nd5 Qg5 15.
Rae1 Bxd5 16. cxd5 Rfe8 17. Bc1 Rac8 18. Qd1 Nd7 19. e4 Qe7 20. Bg4 Rc7 21.
Bxd7 Qxd7 22. Qf3 Qb5 23. h4 h5 24. Bf4 Be5 25. Bxe5 Rxe5 26. Qf6 Rd7 27. Re3
a5 28. Rg3 a4 29. Rf5 Qb4 30. Kh2 Qd4 31. bxa4 Rxf5 32. Qxf5 Ra7 33. Qxh5 Rxa4
34. Qg4 Ra3 35. h5 Rxd3 36. Rxd3 Qxd3 37. hxg6 c4 38. gxf7+ Kxf7 39. Qe6+ Kg7
40. Qe7+ Kg8 41. e5 Qe3 42. Qe6+ Kh7 43. Qf7+ Kh6 44. Qf6+ Kh7 45. exd6 Qc5 46.
Qe7+ 1-0

[Event "Ð§ÐµÐ¼Ð¿Ð¸Ð¾Ð½Ð°Ñ‚ ÐŸÐ¤Ðž Ð¿Ð¾ ÑˆÐ°Ñ…Ð¼Ð"]
[Site "Ð�Ð°Ð±ÐµÑ€ÐµÐ¶Ð½Ñ‹Ðµ Ð§ÐµÐ»Ð½Ñ"]
[Date "2024.03.22"]
[Round "3.11"]
[White "ÐšÐ°Ð¼Ð¸Ð»Ð¾Ð², Ð”Ð¼Ð¸Ñ‚Ñ€Ð¸Ð¹."]
[Black "Ð¥Ð¸Ñ�Ð¼Ð°Ñ‚Ð¾Ð², Ð�ÑƒÑ€Ð»Ð°Ð½."]
[Result "1/2-1/2"]
[WhiteElo "2030"]
[BlackElo "1926"]
[PlyCount "70"]
[EventDate "2024.03.20"]

1. d4 d5 2. Nc3 Nf6 3. Bf4 Bf5 4. Nf3 c6 5. e3 h6 6. Ne5 Nbd7 7. g4 Bh7 8. h4
Ne4 9. Nxe4 Bxe4 10. f3 Bh7 11. Bd3 Bxd3 12. Qxd3 e6 13. Kf2 Nxe5 14. Bxe5 Qd7
15. b4 f6 16. Bf4 h5 17. Rab1 hxg4 18. fxg4 Bd6 19. Bxd6 Qxd6 20. b5 f5 21. g5
c5 22. h5 c4 23. Qd2 b6 24. Kf3 O-O-O 25. Qh2 f4 26. exf4 Rdf8 27. Rhf1 e5 28.
dxe5 Qxe5 29. Rbe1 Qxg5 30. Re8+ Kb7 31. Rfe1 Rxf4+ 32. Qxf4 Qxh5+ 33. Qg4 Qf7+
34. Qf4 Qh5+ 35. Qg4 Qf7+ 1/2-1/2

[Event "Ð§ÐµÐ¼Ð¿Ð¸Ð¾Ð½Ð°Ñ‚ ÐŸÐ¤Ðž Ð¿Ð¾ ÑˆÐ°Ñ…Ð¼Ð"]
[Site "Ð�Ð°Ð±ÐµÑ€ÐµÐ¶Ð½Ñ‹Ðµ Ð§ÐµÐ»Ð½Ñ"]
[Date "2024.03.22"]
[Round "3.12"]
[White "Ð›Ð¸Ð¿Ð¾Ð²Ð¾Ð¹, Ð”Ð°Ð½Ð¸Ð»Ð°."]
[Black "ÐšÑ€Ð¸Ð²Ð¾Ð½Ð¾Ð³Ð¾Ð², Ð�Ð»ÐµÐºÑ�Ð°Ð½Ð´Ñ€."]
[Result "1/2-1/2"]
[WhiteElo "1948"]
[BlackElo "2153"]
[PlyCount "68"]
[EventDate "2024.03.20"]

1. e4 c6 2. Nf3 d5 3. d3 Bg4 4. h3 Bh5 5. Nc3 e6 6. g4 Bg6 7. h4 h6 8. Ne5 Bh7
9. g5 Nd7 10. Nxf7 Kxf7 11. Qf3+ Ngf6 12. gxf6 Qxf6 13. Qg3 Bb4 14. Bd2 d4 15.
Ne2 Bxd2+ 16. Kxd2 Rad8 17. Bh3 Qe5 18. Rhg1 Qxg3 19. Rxg3 Nf8 20. Rag1 Rg8 21.
f4 c5 22. Rf1 Nd7 23. Ng1 Nf6 24. Rg2 Ke7 25. Bg4 g5 26. hxg5 hxg5 27. fxg5
Rxg5 28. Bf3 Rxg2+ 29. Bxg2 Ng4 30. Rf3 Rg8 31. Rg3 Ne5 32. Rxg8 Bxg8 33. Ke2
Bh7 34. Kd2 Bg8 1/2-1/2

[Event "Ð§ÐµÐ¼Ð¿Ð¸Ð¾Ð½Ð°Ñ‚ ÐŸÐ¤Ðž Ð¿Ð¾ ÑˆÐ°Ñ…Ð¼Ð"]
[Site "Ð�Ð°Ð±ÐµÑ€ÐµÐ¶Ð½Ñ‹Ðµ Ð§ÐµÐ»Ð½Ñ"]
[Date "2024.03.22"]
[Round "3.13"]
[White "Ð¥Ð°ÐºÐ¸Ð¼Ð¾Ð², Ð�Ð·Ð°Ñ‚."]
[Black "Ð“Ð¸Ñ‚ÐµÐ»ÑŒÑ�Ð¾Ð½, Ð�Ñ€ÐºÐ°Ð´Ð¸Ð¹."]
[Result "0-1"]
[WhiteElo "1790"]
[BlackElo "2210"]
[PlyCount "58"]
[EventDate "2024.03.20"]

1. e4 e5 2. Nf3 Nc6 3. Bb5 a6 4. Ba4 Nf6 5. Bxc6 dxc6 6. d3 Bc5 7. O-O Qe7 8.
Nbd2 b5 9. Nb3 Bb6 10. Qe2 O-O 11. Be3 Be6 12. Nfd2 Rfd8 13. f3 c5 14. Bf2 Nh5
15. g3 Qg5 16. Bxc5 Bh3 17. Rfe1 Rd6 18. Qe3 Nf4 19. Kf2 Rad8 20. Rg1 Bxc5 21.
Nxc5 Qh5 22. gxf4 exf4 23. Qxf4 Qxc5+ 24. Qe3 Qxc2 25. Rac1 Qxb2 26. Rb1 Qd4
27. Rb3 Be6 28. Ra3 Qb2 29. d4 Rxd4 0-1

[Event "Ð§ÐµÐ¼Ð¿Ð¸Ð¾Ð½Ð°Ñ‚ ÐŸÐ¤Ðž Ð¿Ð¾ ÑˆÐ°Ñ…Ð¼Ð"]
[Site "Ð�Ð°Ð±ÐµÑ€ÐµÐ¶Ð½Ñ‹Ðµ Ð§ÐµÐ»Ð½Ñ"]
[Date "2024.03.22"]
[Round "3.14"]
[White "ÐœÐ¸Ð½Ñ…Ð°Ð¹Ð´Ð°Ñ€Ð¾Ð², Ð ÑƒÑ�Ð»Ð°Ð½."]
[Black "Ð¡Ð°Ñ„Ð¸Ð½, Ð Ð¾Ð±ÐµÑ€Ñ‚."]
[Result "0-1"]
[WhiteElo "1946"]
[BlackElo "2207"]
[PlyCount "95"]
[EventDate "2024.03.20"]

1. e4 c6 2. d4 d5 3. exd5 cxd5 4. Nf3 a6 5. Bd3 Nc6 6. c3 Qc7 7. O-O Bg4 8. Re1
e6 9. Nbd2 Bd6 10. Nf1 Nf6 11. Bg5 Bh5 12. Ng3 Bg6 13. Nf5 Bxf5 14. Bxf5 O-O-O
15. Bd3 h6 16. Bxf6 gxf6 17. Rc1 Kb8 18. Bf1 e5 19. c4 Bb4 20. cxd5 Bxe1 21.
dxc6 Ba5 22. cxb7 Qxb7 23. Qa4 Qb4 24. Qxb4+ Bxb4 25. dxe5 Kb7 26. exf6 Rd6 27.
a3 Ba5 28. b4 Bb6 29. g3 Re8 30. a4 Rxf6 31. Kg2 Ba7 32. a5 Re4 33. b5 axb5 34.
Bxb5 Rb4 35. Bd3 Rb2 36. Rb1 Rxb1 37. Bxb1 Ka6 38. g4 Kxa5 39. Bf5 Bb8 40. Nd2
Kb4 41. Ne4 Ra6 42. h4 Kc4 43. h5 f6 44. Bg6 Kd4 45. Ng3 Bf4 46. Nf5+ Ke5 47.
Ne7 Bg5 48. Bf5 0-1

[Event "Ð§ÐµÐ¼Ð¿Ð¸Ð¾Ð½Ð°Ñ‚ ÐŸÐ¤Ðž Ð¿Ð¾ ÑˆÐ°Ñ…Ð¼Ð"]
[Site "Ð�Ð°Ð±ÐµÑ€ÐµÐ¶Ð½Ñ‹Ðµ Ð§ÐµÐ»Ð½Ñ"]
[Date "2024.03.22"]
[Round "3.15"]
[White "Ð¡ÐºÐ°~~ÐºÐ¾Ð², Ð’Ð°Ð»ÐµÑ€Ð¸Ð¹."]
[Black "Ð”Ð°Ð²Ñ‹Ð´Ð¾Ð², Ð¡ÐµÑ€Ð³ÐµÐ¹."]
[Result "1-0"]
[WhiteElo "2200"]
[BlackElo "1972"]
[PlyCount "65"]
[EventDate "2024.03.20"]

1. d4 Nf6 2. Nf3 d5 3. c4 e6 4. g3 c6 5. Bg2 Nbd7 6. O-O Be7 7. Nc3 O-O 8. Qd3
b6 9. e4 dxe4 10. Nxe4 Bb7 11. Nc3 Qc7 12. Bf4 Bd6 13. Bxd6 Qxd6 14. Rad1 Rad8
15. Rfe1 Qc7 16. Qc2 Rfe8 17. Ne5 h6 18. Qe2 Ba8 19. h3 Qc8 20. b4 Nxe5 21.
dxe5 Nd7 22. Ne4 Re7 23. c5 Qc7 24. f4 Rf8 25. Rd6 bxc5 26. bxc5 Bb7 27. Kh2
Nb8 28. Qh5 Ba6 29. g4 Bc4 30. g5 Bd5 31. gxh6 Bxe4 32. hxg7 Kxg7 33. Bxe4 1-0

[Event "Ð§ÐµÐ¼Ð¿Ð¸Ð¾Ð½Ð°Ñ‚ ÐŸÐ¤Ðž Ð¿Ð¾ ÑˆÐ°Ñ…Ð¼Ð"]
[Site "Ð�Ð°Ð±ÐµÑ€ÐµÐ¶Ð½Ñ‹Ðµ Ð§ÐµÐ»Ð½Ñ"]
[Date "2024.03.22"]
[Round "3.16"]
[White "Ð¨Ð¸Ð½ÐºÐ°Ñ€Ð¾Ð², Ð�Ñ€Ñ‚Ñ‘Ð¼."]
[Black "Ð“Ð¾Ð»ÑŒÑ†ÐµÐ², Ð”Ð¼Ð¸Ñ‚Ñ€Ð¸Ð¹."]
[Result "0-1"]
[WhiteElo "1910"]
[BlackElo "2215"]
[PlyCount "92"]
[EventDate "2024.03.20"]

1. Nf3 d5 2. e3 Nf6 3. b3 e6 4. c4 Be7 5. Bb2 O-O 6. Nc3 b6 7. d4 Bb7 8. Bd3 c5
9. cxd5 exd5 10. O-O Nbd7 11. Rc1 Rc8 12. Bf5 g6 13. Bh3 c4 14. Ne5 a6 15. Qf3
cxb3 16. axb3 Kg7 17. Nxd7 Nxd7 18. Na4 Rxc1 19. Rxc1 f5 20. Qg3 f4 21. Qg4 Nf6
22. Qxf4 Bd6 23. Qh4 h6 24. f4 Qe7 25. Qf2 Re8 26. Re1 Bb4 27. Rc1 Bd6 28. Re1
Bc8 29. Bxc8 Rxc8 30. Qf3 Rc2 31. Rc1 Rd2 32. Bc3 Rd3 33. Be1 Rxe3 34. Qf1 Rxb3
35. Kh1 Qe3 36. Rc3 Rxc3 37. Nxc3 Bb4 38. Ne2 Bxe1 39. Qxe1 Ne4 40. Qf1 a5 41.
f5 Nf2+ 42. Kg1 Ng4+ 43. Kh1 gxf5 44. Ng3 Nf2+ 45. Kg1 Ne4+ 46. Kh1 Qxg3 0-1

[Event "Ð§ÐµÐ¼Ð¿Ð¸Ð¾Ð½Ð°Ñ‚ ÐŸÐ¤Ðž Ð¿Ð¾ ÑˆÐ°Ñ…Ð¼Ð"]
[Site "Ð�Ð°Ð±ÐµÑ€ÐµÐ¶Ð½Ñ‹Ðµ Ð§ÐµÐ»Ð½Ñ"]
[Date "2024.03.22"]
[Round "3.17"]
[White "Ð›Ð°Ñ€Ñ†ÐµÐ², Ð’Ð»Ð°Ð´Ð¸Ñ�Ð»Ð°Ð²."]
[Black "Ð•Ñ„Ð¸Ð¼Ð¾Ð², Ð›ÐµÐ¾Ð½Ð¸Ð´."]
[Result "0-1"]
[WhiteElo "1823"]
[BlackElo "2058"]
[PlyCount "106"]
[EventDate "2024.03.20"]

1. e4 c5 2. g3 d5 3. Bg2 dxe4 4. Nc3 Bd7 5. d3 Bc6 6. dxe4 Qxd1+ 7. Nxd1 Nf6 8.
f3 b5 9. Be3 Nbd7 10. Nf2 e5 11. Ne2 c4 12. O-O Bc5 13. Bxc5 Nxc5 14. Nd1 O-O-O
15. Ne3 b4 16. Rfd1 Bb5 17. Bf1 Kb7 18. Nf5 Kc7 19. Nxg7 Na4 20. b3 Nb2 21.
Rdb1 c3 22. Kf2 Rd2 23. Rc1 Rhd8 24. Nf5 a5 25. Ne3 Nd7 26. a3 Kb7 27. axb4
axb4 28. Nd5 f5 29. Nxb4 fxe4 30. f4 exf4 31. gxf4 Nc5 32. Na2 e3+ 33. Kf3 Bc6+
34. Kxe3 Re8+ 35. Kf2 Nbd3+ 36. cxd3 Nxd3+ 37. Kg1 Rg8+ 38. Ng3 Nxc1 39. Rxc1
Rxa2 40. Rxc3 h5 41. h4 Rg4 42. b4 Rxf4 43. b5 Be8 44. Re3 Bf7 45. Re4 Rf3 46.
Re7+ Kb6 47. Ne4 Ra1 48. Nd2 Rf4 49. Re4 Rf5 50. Rb4 Bd5 51. Rb1 Ra4 52. Bh3
Rf8 53. Kh2 Rxh4 0-1

[Event "Ð§ÐµÐ¼Ð¿Ð¸Ð¾Ð½Ð°Ñ‚ ÐŸÐ¤Ðž Ð¿Ð¾ ÑˆÐ°Ñ…Ð¼Ð"]
[Site "Ð�Ð°Ð±ÐµÑ€ÐµÐ¶Ð½Ñ‹Ðµ Ð§ÐµÐ»Ð½Ñ"]
[Date "2024.03.22"]
[Round "3.18"]
[White "ÐœÐ¸Ð½Ð³Ð°Ð·ÑƒÑ‚Ð´Ð¸Ð½Ð¾Ð², Ð ÑƒÑ�Ð»Ð°Ð½."]
[Black "ÐšÐ¾Ð½Ñ�Ñ‚Ð°Ð½Ñ‚Ð¸Ð½Ð¾Ð², Ð�Ð¸ÐºÐ¸Ñ‚Ð°."]
[Result "0-1"]
[WhiteElo "1759"]
[BlackElo "2111"]
[PlyCount "60"]
[EventDate "2024.03.20"]

1. e4 e5 2. Nf3 Nc6 3. Bb5 d6 4. d4 exd4 5. Nxd4 Bd7 6. Nc3 Nf6 7. O-O Be7 8.
Bxc6 bxc6 9. f4 O-O 10. Qf3 c5 11. Nb3 Rb8 12. e5 dxe5 13. fxe5 Ng4 14. Bf4 c4
15. Na5 Rxb2 16. h3 Bc5+ 17. Kh1 Rxc2 18. Nb7 Nf2+ 19. Rxf2 Rxf2 20. Qg3 Bc6
21. Nxd8 Rxd8 22. Rb1 h6 23. e6 Rd3 24. exf7+ Kxf7 25. Be3 Bxg2+ 26. Kg1 Bxe3
27. Qxc7+ Kg6 28. Nd1 Rf7+ 29. Nxe3 Rxc7 30. Nxg2 Rd2 0-1

[Event "Ð§ÐµÐ¼Ð¿Ð¸Ð¾Ð½Ð°Ñ‚ ÐŸÐ¤Ðž Ð¿Ð¾ ÑˆÐ°Ñ…Ð¼Ð"]
[Site "Ð�Ð°Ð±ÐµÑ€ÐµÐ¶Ð½Ñ‹Ðµ Ð§ÐµÐ»Ð½Ñ"]
[Date "2024.03.22"]
[Round "3.19"]
[White "Ð‘ÐµÑ�Ð¿Ð°Ð»Ð¾Ð², Ð•Ð»Ð¸Ñ�ÐµÐ¹."]
[Black "Ð˜Ð»o^ÑˆÐ¸Ð½, Ð¯Ñ€Ð¾Ñ�Ð»Ð°Ð²."]
[Result "1/2-1/2"]
[WhiteElo "2004"]
[BlackElo "1795"]
[PlyCount "74"]
[EventDate "2024.03.20"]

1. c4 c5 2. Nc3 Nc6 3. g3 g6 4. Bg2 Bg7 5. Nf3 d6 6. O-O e5 7. a3 Nge7 8. Rb1
Be6 9. d3 a5 10. Ne1 O-O 11. Nc2 d5 12. cxd5 Nxd5 13. Ne3 Nce7 14. Bd2 Qd7 15.
Na4 Qb5 16. Nc4 Rfd8 17. Nc3 Qa6 18. Nxd5 Bxd5 19. Bxd5 Rxd5 20. Qc2 b6 21. Qb3
b5 22. Nxa5 c4 23. Qb4 cxd3 24. exd3 Rxd3 25. Qxe7 Rxd2 26. Nb3 Rc2 27. Rfc1
Bf6 28. Qd7 Rac8 29. Rxc2 Rxc2 30. Nd2 Qc6 31. Qxc6 Rxc6 32. Ne4 Be7 33. Nc3
Bxa3 34. Nxb5 Bb4 35. Na3 e4 36. Kf1 f5 37. Rd1 Kf7 1/2-1/2

[Event "Ð§ÐµÐ¼Ð¿Ð¸Ð¾Ð½Ð°Ñ‚ ÐŸÐ¤Ðž Ð¿Ð¾ ÑˆÐ°Ñ…Ð¼Ð"]
[Site "Ð�Ð°Ð±ÐµÑ€ÐµÐ¶Ð½Ñ‹Ðµ Ð§ÐµÐ»Ð½Ñ"]
[Date "2024.03.22"]
[Round "3.20"]
[White "ÐœÑƒÐ»Ð»Ð°Ð³Ð°Ð»Ð¸ÐµÐ², Ð�Ð°Ñ„Ð¸Ñ�."]
[Black "Ð¨Ð°Ñ€Ð¸ÐºÐ¾Ð², Ð�Ð»ÐµÐºÑ�Ð°Ð½Ð´Ñ€."]
[Result "0-1"]
[WhiteElo "1881"]
[BlackElo "2067"]
[PlyCount "68"]
[EventDate "2024.03.20"]

1. d4 Nf6 2. Bg5 e6 3. e3 c5 4. Bxf6 Qxf6 5. c3 Nc6 6. Nd2 d5 7. Ngf3 Bd6 8.
Be2 Bd7 9. O-O cxd4 10. cxd4 O-O 11. a3 g5 12. Nb3 g4 13. Nfd2 h5 14. Nc5 Bxc5
15. dxc5 Qxb2 16. Rb1 Qxa3 17. Bxg4 Qxc5 18. Bxh5 Rfb8 19. Qg4+ Kf8 20. Nf3 Qc4
21. Qg3 Ke7 22. Qg5+ f6 23. Qg7+ Kd6 24. Rfc1 Rg8 25. Qxf6 Raf8 26. Qb2 Qe4 27.
Ne1 Qh4 28. Be2 Rh8 29. h3 Rfg8 30. Qa3+ Kc7 31. e4 Qxe4 32. Bb5 Qh4 33. Bxc6
Bxc6 34. Nf3 Rxg2+ 0-1

[Event "Ð§ÐµÐ¼Ð¿Ð¸Ð¾Ð½Ð°Ñ‚ ÐŸÐ¤Ðž Ð¿Ð¾ ÑˆÐ°Ñ…Ð¼Ð"]
[Site "Ð�Ð°Ð±ÐµÑ€ÐµÐ¶Ð½Ñ‹Ðµ Ð§ÐµÐ»Ð½Ñ"]
[Date "2024.03.22"]
[Round "3.21"]
[White "ÐšÐ°Ñ€Ð»Ð¾Ð², Ð�Ð»ÐµÐºÑ�ÐµÐ¹."]
[Black "Ð•Ñ€Ð¸Ð½, Ð�Ð»ÐµÐºÑ�Ð°Ð½Ð´Ñ€."]
[Result "1/2-1/2"]
[WhiteElo "2131"]
[BlackElo "1738"]
[PlyCount "73"]
[EventDate "2024.03.20"]

1. Nf3 Nf6 2. b3 d5 3. Bb2 Bf5 4. e3 e6 5. d4 h6 6. Nbd2 Nbd7 7. Be2 Bd6 8. Ne5
c6 9. g4 Bh7 10. h4 Ne4 11. Nxe4 Bxe4 12. Bf3 Qa5+ 13. Kf1 Nxe5 14. dxe5 Bxf3
15. Qxf3 Ba3 16. Bxa3 Qxa3 17. Kg2 Qb2 18. Qf4 Qxc2 19. Qb4 O-O-O 20. Qd4 Qe4+
21. Kg3 Qxd4 22. exd4 h5 23. f3 Kd7 24. Kf4 Ke7 25. Rhg1 g6 26. b4 Rde8 27.
Rae1 Reg8 28. Kg5 Re8 29. Re3 b6 30. Rc1 Kd7 31. Ra3 Ra8 32. Rac3 Rac8 33. a4
a6 34. a5 b5 35. Rh1 Ke7 36. Rhc1 Kd7 37. Rh1 1/2-1/2

[Event "Ð§ÐµÐ¼Ð¿Ð¸Ð¾Ð½Ð°Ñ‚ ÐŸÐ¤Ðž Ð¿Ð¾ ÑˆÐ°Ñ…Ð¼Ð"]
[Site "Ð�Ð°Ð±ÐµÑ€ÐµÐ¶Ð½Ñ‹Ðµ Ð§ÐµÐ»Ð½Ñ"]
[Date "2024.03.22"]
[Round "3.22"]
[White "Ð¨Ð°Ñ…ÑƒÑ€Ð´Ð¸Ð½, Ð¢Ð¸Ð¼Ð¾Ñ„ÐµÐ¹."]
[Black "Ð¢Ð°Ñ€Ð°Ñ�ÐµÐ½ÐºÐ¾, Ð¯Ñ€Ð¾Ñ�Ð»Ð°Ð²."]
[Result "0-1"]
[WhiteElo "1875"]
[BlackElo "2034"]
[PlyCount "76"]
[EventDate "2024.03.20"]

1. e4 c5 2. Nf3 e6 3. d4 cxd4 4. Nxd4 a6 5. Nc3 Qc7 6. Bd3 Nf6 7. O-O d6 8. Qe2
Be7 9. Kh1 Nbd7 10. Bd2 b5 11. a4 b4 12. Na2 Qb6 13. c3 bxc3 14. Bxc3 O-O 15.
a5 Qb7 16. Rac1 Nc5 17. f3 Bd7 18. Rfd1 Rfc8 19. b4 Nxd3 20. Qxd3 Bf8 21. Rb1
e5 22. Nc2 Be6 23. Rb2 Qc6 24. Be1 d5 25. exd5 Nxd5 26. Qe4 g6 27. Ne3 f5 28.
Qd3 Nf4 29. Qf1 Bh6 30. Nc3 e4 31. fxe4 fxe4 32. Rc2 Qb7 33. Rd4 Rf8 34. Nxe4
Nd5 35. Qc4 Bxe3 36. Rd1 Nf4 37. Qc6 Qxc6 38. Rxc6 Bd5 0-1

[Event "Ð§ÐµÐ¼Ð¿Ð¸Ð¾Ð½Ð°Ñ‚ ÐŸÐ¤Ðž Ð¿Ð¾ ÑˆÐ°Ñ…Ð¼Ð"]
[Site "Ð�Ð°Ð±ÐµÑ€ÐµÐ¶Ð½Ñ‹Ðµ Ð§ÐµÐ»Ð½Ñ"]
[Date "2024.03.22"]
[Round "3.23"]
[White "Ð—Ð¸Ð»o^ÐºÐ¾Ð², ÐœÐ°ÐºÑ�Ð¸Ð¼."]
[Black "Ð˜Ð³Ð½Ð°Ñ‚ÑŒÐµÐ², Ð�Ð»ÐµÐºÑ�ÐµÐ¹."]
[Result "1-0"]
[WhiteElo "1731"]
[BlackElo "2007"]
[PlyCount "69"]
[EventDate "2024.03.20"]

1. c4 e5 2. Nc3 Nf6 3. Nf3 Nc6 4. e4 h6 5. Be2 Bb4 6. d3 d6 7. a3 Bxc3+ 8. bxc3
Ne7 9. O-O c5 10. Ne1 g5 11. Be3 Qc7 12. Qc2 Be6 13. d4 O-O-O 14. a4 Ng6 15. g3
Bh3 16. Ng2 Rhg8 17. Rfb1 Nf4 18. Bf1 Ne6 19. d5 Nf8 20. a5 a6 21. Rb6 N6d7 22.
Rb3 Nf6 23. Rab1 Rd7 24. Rb6 Ng6 25. f3 Ne7 26. Bd3 Bxg2 27. Qxg2 Kd8 28. Qb2
Kc8 29. Bc2 Kb8 30. Ba4 Rgd8 31. Rxa6 g4 32. Rb6 Ka7 33. Bxd7 Rxd7 34. a6 bxa6
35. Rxa6+ 1-0

[Event "Ð§ÐµÐ¼Ð¿Ð¸Ð¾Ð½Ð°Ñ‚ ÐŸÐ¤Ðž Ð¿Ð¾ ÑˆÐ°Ñ…Ð¼Ð"]
[Site "Ð�Ð°Ð±ÐµÑ€ÐµÐ¶Ð½Ñ‹Ðµ Ð§ÐµÐ»Ð½Ñ"]
[Date "2024.03.22"]
[Round "3.24"]
[White "Ð“Ð°Ð»Ð¸ÐµÐ², Ð Ð°Ñ�ÑƒÐ»ÑŒ."]
[Black "Ð•Ð²Ñ‚ÑƒÑ…Ð¾Ð², Ð›ÐµÐ²."]
[Result "1/2-1/2"]
[WhiteElo "1744"]
[BlackElo "2019"]
[PlyCount "64"]
[EventDate "2024.03.20"]

1. e4 c6 2. d4 d5 3. exd5 cxd5 4. Bd3 Nc6 5. c3 Nf6 6. h3 g6 7. Nf3 Bf5 8. Ne5
Bxd3 9. Nxd3 Bg7 10. Bf4 O-O 11. O-O b6 12. Nd2 Rc8 13. Re1 Re8 14. Qf3 Na5 15.
Re2 Nc4 16. Nxc4 dxc4 17. Ne5 Qd5 18. Qe3 Nd7 19. Nxd7 Qxd7 20. Rae1 e6 21. Qg3
f6 22. h4 Kf7 23. Qe3 Qd5 24. Bh6 Re7 25. Bxg7 Kxg7 26. Qg3 Rce8 27. f4 Kf7 28.
Re3 b5 29. a3 a5 30. R1e2 b4 31. axb4 axb4 32. Re1 Ra8 1/2-1/2

[Event "Ð§ÐµÐ¼Ð¿Ð¸Ð¾Ð½Ð°Ñ‚ ÐŸÐ¤Ðž Ð¿Ð¾ ÑˆÐ°Ñ…Ð¼Ð"]
[Site "Ð�Ð°Ð±ÐµÑ€ÐµÐ¶Ð½Ñ‹Ðµ Ð§ÐµÐ»Ð½Ñ"]
[Date "2024.03.22"]
[Round "3.25"]
[White "Ð¥Ð°Ð´Ð¸ÐµÐ², Ð¢Ð¸Ð¼ÑƒÑ€."]
[Black "ÐšÐ°Ñ€Ð¿ÐµÑˆÐ¾Ð², Ð”Ð¼Ð¸Ñ‚Ñ€Ð¸Ð¹."]
[Result "0-1"]
[WhiteElo "1729"]
[BlackElo "2048"]
[PlyCount "74"]
[EventDate "2024.03.20"]

1. e4 c5 2. Nf3 g6 3. c4 Nc6 4. d4 cxd4 5. Nxd4 Bg7 6. Be3 Nf6 7. Nc3 d6 8. Be2
O-O 9. O-O Nxd4 10. Bxd4 Be6 11. f3 Nd7 12. Be3 Bxc3 13. bxc3 Qc7 14. Qd4 f6
15. Rab1 b6 16. f4 Rac8 17. Rb4 a5 18. Rb3 Bxc4 19. Bxc4+ Qxc4 20. Qd5+ Qxd5
21. exd5 a4 22. Rb4 Rxc3 23. Bd4 Ra3 24. Rf2 Rc8 25. g3 Rc1+ 26. Kg2 Rd1 27.
Re2 Kf8 28. Rc4 Nc5 29. Bxc5 bxc5 30. Rce4 Rad3 31. Rxe7 R1d2 32. Re8+ Kg7 33.
R8e7+ Kh6 34. g4 Rxd5 35. Rxd2 Rxd2+ 36. Kg3 Rd3+ 37. Kg2 c4 0-1

[Event "Ð§ÐµÐ¼Ð¿Ð¸Ð¾Ð½Ð°Ñ‚ ÐŸÐ¤Ðž Ð¿Ð¾ ÑˆÐ°Ñ…Ð¼Ð"]
[Site "Ð�Ð°Ð±ÐµÑ€ÐµÐ¶Ð½Ñ‹Ðµ Ð§ÐµÐ»Ð½Ñ"]
[Date "2024.03.22"]
[Round "3.26"]
[White "Ð˜Ð²Ð°Ð½Ð¾Ð², ÐœÐ°Ñ‚Ð²ÐµÐ¹."]
[Black "Ð¢Ð¾ÑˆÐ¸Ð½, Ð¯Ñ€Ð¾Ñ�Ð»Ð°Ð²."]
[Result "1-0"]
[WhiteElo "1968"]
[BlackElo "1664"]
[PlyCount "53"]
[EventDate "2024.03.20"]

1. Nf3 d5 2. g3 c6 3. Bg2 Bf5 4. O-O e6 5. c4 dxc4 6. a4 Nf6 7. Na3 Bxa3 8.
Rxa3 h6 9. b3 c3 10. dxc3 Qxd1 11. Rxd1 Nbd7 12. a5 e5 13. a6 b6 14. Nd2 e4 15.
f3 Nd5 16. fxe4 Nxc3 17. exf5 Nxd1 18. Ne4 Ne5 19. Bf4 f6 20. Ra1 O-O-O 21. Bd2
Ng4 22. Rxd1 Ne3 23. Rc1 Nxg2 24. Rxc6+ Kd7 25. Rd6+ Ke7 26. Rxd8 Rxd8 27. Kxg2
1-0

[Event "Ð§ÐµÐ¼Ð¿Ð¸Ð¾Ð½Ð°Ñ‚ ÐŸÐ¤Ðž Ð¿Ð¾ ÑˆÐ°Ñ…Ð¼Ð"]
[Site "Ð�Ð°Ð±ÐµÑ€ÐµÐ¶Ð½Ñ‹Ðµ Ð§ÐµÐ»Ð½Ñ"]
[Date "2024.03.22"]
[Round "3.27"]
[White "Ð“Ñ€Ð¸Ð±ÐºÐ¾Ð², Ð¡ÐµÑ€Ð³ÐµÐ¹."]
[Black "Ð’Ð¾Ð»Ñ‹Ð½ÐµÑ†, Ð‘Ð¾Ð³Ð´Ð°Ð½."]
[Result "0-1"]
[WhiteElo "800"]
[BlackElo "1929"]
[PlyCount "60"]
[EventDate "2024.03.20"]

1. d4 d5 2. c4 dxc4 3. e4 e5 4. Nf3 exd4 5. Qxd4 Qxd4 6. Nxd4 Nf6 7. f3 Bc5 8.
Be3 Nc6 9. Nc2 Bxe3 10. Nxe3 Be6 11. Na3 O-O-O 12. Bxc4 Bxc4 13. Naxc4 Nd4 14.
Kf2 Rd7 15. Rhd1 Rhd8 16. Rac1 Kb8 17. Nc2 c5 18. Ne5 Re7 19. Nxd4 cxd4 20. Nd3
Nd7 21. Rc4 Nb6 22. Rc2 f5 23. Re1 fxe4 24. Rxe4 Rxe4 25. fxe4 Rc8 26. Rxc8+
Kxc8 27. b3 Kc7 28. Ke2 Kd6 29. Nb4 Nd7 30. Kd3 Ke5 0-1

[Event "Ð§ÐµÐ¼Ð¿Ð¸Ð¾Ð½Ð°Ñ‚ ÐŸÐ¤Ðž Ð¿Ð¾ ÑˆÐ°Ñ…Ð¼Ð"]
[Site "Ð�Ð°Ð±ÐµÑ€ÐµÐ¶Ð½Ñ‹Ðµ Ð§ÐµÐ»Ð½Ñ"]
[Date "2024.03.22"]
[Round "3.28"]
[White "ÐšÐ¾Ð·Ð»Ð¾Ð², Ð’Ð»Ð°Ð´Ð¸Ð¼Ð¸Ñ€."]
[Black "Ð�Ð³Ð¸Ð±Ð°Ð»Ð¾Ð², Ð¯ÐºÐ¾Ð²."]
[Result "1/2-1/2"]
[WhiteElo "1930"]
[BlackElo "1632"]
[PlyCount "82"]
[EventDate "2024.03.20"]

1. e4 c6 2. d4 d5 3. Nd2 dxe4 4. Nxe4 Nd7 5. Ng5 Ngf6 6. Bc4 e6 7. Qe2 Nb6 8.
Bb3 h6 9. N5f3 Nbd5 10. c3 Be7 11. Ne5 Bd7 12. Ngf3 c5 13. Nxd7 Qxd7 14. Ne5
Qc7 15. Ba4+ Kf8 16. O-O cxd4 17. cxd4 g6 18. Be3 Kg7 19. Rac1 Qa5 20. Bb3 Rac8
21. Qf3 Rc7 22. Rxc7 Qxc7 23. Rc1 Qb8 24. h4 Nxe3 25. fxe3 h5 26. Rf1 Qc7 27.
Qf4 Rf8 28. Qg5 Bd8 29. Qf4 Qe7 30. Qf3 Ng4 31. Nxg4 hxg4 32. Qxg4 Qxh4 33.
Qxh4 Bxh4 34. Rc1 Bg3 35. Kf1 Rd8 36. Ke2 Rd7 37. Kf3 Rc7 38. Rh1 Bd6 39. e4 b6
40. e5 Be7 41. Ke4 Bg5 1/2-1/2

[Event "Ð§ÐµÐ¼Ð¿Ð¸Ð¾Ð½Ð°Ñ‚ ÐŸÐ¤Ðž Ð¿Ð¾ ÑˆÐ°Ñ…Ð¼Ð"]
[Site "Ð�Ð°Ð±ÐµÑ€ÐµÐ¶Ð½Ñ‹Ðµ Ð§ÐµÐ»Ð½Ñ"]
[Date "2024.03.22"]
[Round "3.29"]
[White "ÐœÐ°Ñ‚Ð²ÐµÐµÐ²Ð°, ÐžÐ»ÑŒÐ³Ð°."]
[Black "Ð“ÑƒÐ»Ñ�Ð½, Ð�Ñ€Ñ‚ÑƒÑ€."]
[Result "1-0"]
[WhiteElo "2156"]
[BlackElo "1568"]
[PlyCount "69"]
[EventDate "2024.03.20"]

1. e4 c5 2. Nf3 Nc6 3. Bb5 g6 4. O-O Bg7 5. c3 e5 6. d4 cxd4 7. cxd4 Nxd4 8.
Nxd4 exd4 9. Bf4 Qb6 10. Na3 Qf6 11. Qd2 Ne7 12. Bg5 Qe6 13. Bc4 Qb6 14. Qf4 f6
15. Nb5 Kd8 16. Bh4 g5 17. Qg3 Ng6 18. Bxg5 fxg5 19. Nd6 Rf8 20. Nf7+ Rxf7 21.
Bxf7 Qf6 22. Bxg6 hxg6 23. Rac1 d6 24. Qb3 Qe6 25. Rxc8+ Qxc8 26. Qg8+ Ke7 27.
Qxg7+ Kd8 28. Qxd4 Qe6 29. Qh8+ Qe8 30. Qf6+ Kd7 31. Rd1 Qe7 32. Qxg6 Rf8 33.
h3 Rf4 34. f3 Qe5 35. Rd5 1-0

[Event "Ð§ÐµÐ¼Ð¿Ð¸Ð¾Ð½Ð°Ñ‚ ÐŸÐ¤Ðž Ð¿Ð¾ ÑˆÐ°Ñ…Ð¼Ð"]
[Site "Ð�Ð°Ð±ÐµÑ€ÐµÐ¶Ð½Ñ‹Ðµ Ð§ÐµÐ»Ð½Ñ"]
[Date "2024.03.22"]
[Round "3.30"]
[White "Ð“Ñ€Ð¸ÑˆÑƒÐ½Ð¸Ð½, Ð�Ñ€Ñ‚ÑƒÑ€."]
[Black "Ð¨Ð°Ñ€Ð¸Ð¿Ð¾Ð², Ð­Ð´ÑƒÐ°Ñ€Ð´."]
[Result "1/2-1/2"]
[WhiteElo "1600"]
[BlackElo "1747"]
[PlyCount "39"]
[EventDate "2024.03.20"]

1. d4 Nf6 2. c4 g6 3. Nc3 Bg7 4. e4 d6 5. Nf3 O-O 6. Be2 e5 7. O-O exd4 8. Nxd4
Re8 9. f3 c6 10. Bg5 Qa5 11. Bh4 Nbd7 12. Nb3 Qc7 13. Bg3 Ne5 14. c5 dxc5 15.
Nxc5 Nh5 16. Bf2 b6 17. Nb3 Nf4 18. Bg3 Nxe2+ 19. Qxe2 a5 20. Qc2 1/2-1/2

[Event "Ð§ÐµÐ¼Ð¿Ð¸Ð¾Ð½Ð°Ñ‚ ÐŸÐ¤Ðž Ð¿Ð¾ ÑˆÐ°Ñ…Ð¼"]
[Site "Ð�Ð°Ð±ÐµÑ€ÐµÐ¶Ð½Ñ‹Ðµ Ð§ÐµÐ»Ð½"]
[Date "2024.03.22"]
[Round "3.31"]
[White "Ð‘Ð¾Ñ€Ñ‰, Ð�Ð»ÐµÐºÑ�Ð°Ð½Ð´Ñ€.."]
[Black "Ð‘Ð¾Ñ€Ð¾Ð´Ð¸Ð½, Ð˜Ð²Ð°Ð½.."]
[Result "0-1"]
[WhiteElo "1820"]
[BlackElo "1785"]
[Annotator "Ð£~~ÐµÐ½Ð¸Ðº"]
[PlyCount "208"]
[EventDate "2024.03.20"]

{[%evp 0,117,58,32,25,21,46,18,93,24,41,41,41,-2,21,1,59,43,37,37,60,28,49,7,
10,5,1,-8,22,32,67,32,43,31,31,-27,32,32,32,13,26,19,36,0,40,40,51,16,58,33,43,
-5,12,12,70,46,46,24,24,24,46,53,125,16,28,-1,1,-5,0,-14,6,-23,-24,-24,-19,-31,
-31,-18,-29,-47,-49,-46,-46,-49,-52,-52,-56,-56,-54,-54,-54,-42,-42,-61,-31,
-53,-53,-72,-53,-53,-53,-53,-26,-22,-14,-9,0,-6,-6,-23,-28,-39,-22,-61,-62,-63,
-52,-77,-94,-93]} 1. e4 e6 2. d4 d5 3. Nd2 c5 4. exd5 Qxd5 5. Ngf3 cxd4 6. Bc4
Qd6 7. O-O Nf6 8. Nb3 Nc6 9. Nbxd4 Nxd4 10. Nxd4 Be7 11. c3 O-O 12. Qf3 Qc7 13.
Bb3 a5 14. Re1 a4 15. Bc2 Ra5 16. Be3 Bd7 17. Bf4 Bd6 18. Bxd6 Qxd6 19. b4 Rh5
20. h3 b5 21. Be4 Rh4 22. Bd3 Rh5 23. Rad1 Qb8 24. Be4 Re5 25. Bc6 Rxe1+ 26.
Rxe1 Bxc6 27. Qxc6 Rc8 28. Qxb5 Qxb5 29. Nxb5 Nd5 30. Rd1 Rb8 31. c4 Nxb4 32.
a3 Nc6 33. Rd7 Ne5 34. Rc7 g5 35. Nc3 Rb3 36. Nxa4 Rxa3 37. Nb6 Kg7 38. c5 h5
39. Nd7 Nxd7 40. Rxd7 Rc3 41. Rc7 Kf6 42. Kf1 Rc2 43. g3 h4 44. gxh4 gxh4 45.
Kg2 Rc3 46. Rc8 Ke5 47. Rh8 Rc4 48. Kf3 f5 49. c6 Kd6 50. Rh6 Rc3+ 51. Kg2 Rxc6
52. Rxh4 Ke5 53. Ra4 Kf6 54. Rb4 e5 55. Rb5 e4 56. Ra5 Kg5 57. h4+ Kg4 58. Ra4
Rc2 59. Kf1 Rc3 60. Ke2 Kxh4 61. Ra8 Kg4 62. Rf8 Rc2+ 63. Ke3 Rc3+ 64. Ke2 Kf4
65. Rf7 Rc2+ 66. Kf1 Rc5 67. Ke2 Ke5 68. Ke3 f4+ 69. Ke2 Rc2+ 70. Ke1 Ra2 71.
Re7+ Kf5 72. Re8 Kg4 73. Rxe4 Kf3 74. Rb4 Ra1+ 75. Kd2 Ra2+ 76. Ke1 Re2+ 77.
Kf1 Rxf2+ 78. Kg1 Ra2 79. Rb3+ Ke2 80. Kg2 Ra8 81. Rb2+ Ke3 82. Rb3+ Ke4 83.
Rb4+ Kf5 84. Kf3 Ra3+ 85. Kf2 Kg4 86. Kg2 Ra2+ 87. Kf1 Kg3 88. Rb8 Ra1+ 89. Ke2
f3+ 90. Ke3 Re1+ 91. Kd2 Re7 92. Rh8 f2 93. Rg8+ Kf3 94. Rf8+ Kg2 95. Rg8+ Kf1
96. Rf8 Re5 97. Rf7 Kg2 98. Rg7+ Kf1 99. Rf7 Ra5 100. Rb7 Ra2+ 101. Ke3 Ra3+
102. Kf4 Kg2 103. Rg7+ Kh2 104. Rh7+ Rh3 0-1

[Event "Ð§ÐµÐ¼Ð¿Ð¸Ð¾Ð½Ð°Ñ‚ ÐŸÐ¤Ðž Ð¿Ð¾ ÑˆÐ°Ñ…Ð¼"]
[Site "Ð�Ð°Ð±ÐµÑ€ÐµÐ¶Ð½Ñ‹Ðµ Ð§ÐµÐ»Ð½"]
[Date "2024.03.22"]
[Round "3.32"]
[White "Ð¯ÐºÑƒÐ¿Ð¾Ð², Ð�Ð°Ð¸Ð»ÑŒ.."]
[Black "ÐœÐ¸Ñ‚o^ÑˆÐºÐ¸Ð½, ÐœÐ°Ñ€Ð°Ñ‚.."]
[Result "1-0"]
[WhiteElo "1564"]
[BlackElo "1923"]
[Annotator "Ð£~~ÐµÐ½Ð¸Ðº"]
[PlyCount "99"]
[EventDate "2024.03.20"]

{[%evp 0,79,26,20,34,8,12,2,7,-45,-43,-39,18,1,-4,12,-15,-23,64,64,98,62,80,39,
93,49,55,19,64,3,56,74,58,5,62,18,81,65,92,78,81,81,84,84,59,49,33,20,19,7,0,
-4,0,-12,-2,-8,-2,-7,12,15,0,7,0,0,-24,-29,0,-70,3,2,-6,-14,-14,-32,-33,-82,
-84,-68,-10,-81,0,0]} 1. d4 Nf6 2. Nc3 d5 3. Bg5 Nbd7 4. f3 h6 5. Bh4 c5 6. e4
dxe4 7. fxe4 cxd4 8. Qxd4 Qb6 9. Qxb6 axb6 10. O-O-O g5 11. Bf2 Bg7 12. Nf3 O-O
13. h3 Nh5 14. Bd4 Nf4 15. Bxg7 Kxg7 16. a3 Ra5 17. Nd5 e6 18. Nxf4 gxf4 19.
Rg1 Kf6 20. g3 fxg3 21. Rxg3 Ke7 22. Bc4 Ne5 23. Nxe5 Rxe5 24. Bd3 Bd7 25. Rf1
Bc6 26. Rf4 Rg5 27. Rfg4 Rfg8 28. Kd2 Rxg4 29. Rxg4 Rxg4 30. hxg4 Kf6 31. Ke3
Kg5 32. Be2 e5 33. Kf3 Kh4 34. Bc4 Bd7 35. Bxf7 Bxg4+ 36. Kg2 Kg5 37. Bd5 Kf4
38. Bxb7 Bf3+ 39. Kf2 Bxe4 40. Bxe4 Kxe4 41. a4 h5 42. b4 h4 43. c4 Kd4 44. a5
bxa5 45. bxa5 Kc5 46. Kf3 Kc6 47. Kg4 Kb7 48. c5 Ka6 49. c6 Ka7 50. Kxh4 1-0